000 00376nam a2200145Ia 4500
008 240624s9999 xx 000 0 und d
041 _aeng
082 _a658.404 KEL
100 _aKELKAR S A
245 _aINFORMATION TECHNOLOGY PROJECT MANAGEMENT A CONC
250 _a(3rd ed.)
260 _c2012
_aNew Delhi
_bPHI
300 _aix, : 854 : p. : cm. ; 23
365 _cRS
_b33
999 _c26792
_d26792